| 000 | 01116nam a22002774a 4500 | ||
|---|---|---|---|
| 005 | 20090831142917.0 | ||
| 008 | 050927s2005 ii a b 001 0 eng c | ||
| 010 | _aENG-95009 | ||
| 020 |
_a9780195698206 _c245.00 |
||
| 020 |
_a0195698207 _c245.00 |
||
| 035 | _aEN-78542 | ||
| 037 | _bDBAD / PUB | ||
| 040 |
_adpl _bEnglish |
||
| 082 | _a332.04240954 | ||
| 100 | _aKohli, Renu | ||
| 245 |
_aLiberalizing capital flows : _bIndia's experience and policy issues / _cby Renu Kohli |
||
| 260 |
_aNew Delhi _bOxford University Press _c2008 |
||
| 270 |
_aYMCA Library Building, Jai Singh Road, _bNew Delhi _e110001 |
||
| 300 |
_axvii, 241 p. : _bill. ; _c22cm(pbk) |
||
| 500 | _aIncludes bibliographical references and index | ||
| 650 |
_aCapital movements _zIndia. |
||
| 650 |
_aCapital movements _xGovernment policy _zIndia. |
||
| 651 |
_aIndia _xEconomic policy _y1991- |
||
| 942 |
_2ddc _cEN _h332.04240954 _mKOH |
||
| 999 |
_c29838 _d29838 |
||